000 00732cam a2200253 a 4500
001 1879211
003 Ke-BoTe
005 20220620153540.0
008 831116s1984 txu b 001 0 eng
010 _a 83023469
020 _a0891090762
040 _aDLC
_cDLC
_dDLC
050 0 0 _aBS600.2
_b.Y64 1982
082 0 0 _a248.4
_219
100 1 _aYohn, Rick.
_qYohn, Rick
_98667
245 1 0 _aFirst hand joy /
_cRick Yohn.
260 _aWaco, Tex. :
_bWord Books,
_cc1984.
300 _a72 p . :
_c23 cm.
504 _aBibliography: p. 254-255.
650 0 _aTime management
_xReligious aspects
_xChristianity.
_98668
650 0 _aChristian life.
_9100
906 _a7
_bcbc
_corignew
_d1
_eocip
_f19
_gy-gencatlg
942 _2lcc
_cBK
_n0
999 _c4205
_d4205